| 000 | 00836nam a22002657a 4500 | ||
|---|---|---|---|
| 001 | 6909 | ||
| 003 | FISKH | ||
| 005 | 20250606094029.0 | ||
| 008 | 250606b cb ||||| |||| 00| 0 eng d | ||
| 020 | _a708431205475 | ||
| 040 |
_aFISKH _beng _cFISKH _dFISKH |
||
| 050 | _aPZ7 | ||
| 082 | _a260 | ||
| 100 | _aAnonymous | ||
| 245 |
_aTangles : _bDisney / |
||
| 260 |
_aOntario : _bLeap Frog Enterprise, _c2010. |
||
| 300 |
_a25 pages : _bcolor illustrations ; _c24 cm |
||
| 505 | _aK | ||
| 520 | _aLet your hair down with Rapunzel as you learn about the phases of the moon. Also teaches astronomy, adjectives, deductive reasoning, and problem-solving skills. | ||
| 521 | 8 |
_a510
_bLexile estimate |
|
| 521 | 8 |
_aJ
_bRaz-Plus |
|
| 650 |
_aDisney _vFairy Tales _xProblem Solving |
||
| 942 |
_2ddc _cBK _n0 |
||
| 999 |
_c6909 _d6909 |
||